00908nam a2200205 a 450000100100000000500170001000800410002704000250006810000270009324000730012024501810019326000460037430000280042050000260044870000300047470000310050470000450053595201050058099900170068500003655220200930075808.0120120s1979 mx a 000 0 spa d aDO-SdBNPbspacBNPHU1 aHowel, Williams96280810aPetrography-an introduccition to the study of rocks in thin sections10aPetrografía :bintruducción al estudio de las rocas en secciones delgadas /cHowel Williams, Francis J. Turner y Charles M. Gilbert ; traductor José Manuel López Rubio. aMéxico :bContinental Editorial,c1979. a430 p. :bil. ;c23 cm. asegunda reimpresión12aTurner, Francis J.96280912aGilbert, Charles M.96281012aLópez Rubio, José Manuelvtr.962811 001050718MOaGRbGRcCTd2012-01-20iLF1l0o p36552-10r2020-06-25w2020-06-25y1ZNo se presta c36043d36043